Capitales españolas con más días de lluvia al año - Estadísticas

Estadísticas generales
  • Esta prueba ha sido intentada 287 veces
  • La puntuación promedio es 11 de 13
Estadísticas de respuestas
Días de lluvia/Año Ciudad % Correcto
127 La Coruña/ A Coruña
96%
124 Bilbao/ Bilbo
95%
126 Lugo
93%
123 Santander
92%
131 Pontevedra
91%
141 San Sebastián/ Donostia
91%
122 Oviedo
89%
93 Pamplona/ Iruña
83%
99 Vitoria
81%
83 Burgos
78%
79 Soria
66%
97 Orense
63%
76 Barcelona
50%
No se encontraron pruebas coincidentes
Distribución de puntuación
Porcentaje de gente con cada puntuación
Porcentaje por número respondido
Historial de tus puntuaciones
No has intentado esta prueba.